000 00369nam a2200121Ia 4500
008 180205s9999 xx 000 0 und d
020 _a131206818
100 _aLaudon, Kenneth C.
245 _cLaudon, Jane P.
_aManagement information systems /
_bmanaging the digital firm
250 _a8th ed
260 _aNew jersey
_bPearson Education
_c2004
300 _avii,534 pages
999 _c354673
_d354673